• 首页
  • 本馆介绍
  • 公告通知
  • 最新文献
  • 馆藏检索
  • 电子资源
  • 读者导购
  • 参考咨询
  • 我的图书馆
  • 登录
  • 详细信息显示
  • 放入我的书架
  • 预约/预借图书
  • 作者相关作品
  • 分类相关作品
  • 丛书相关作品
  • 出版社相关作品

书目信息

  • 表格格式
  • 工作单格式
  • 卡片格式
题名:
药物合成反应实验
    
 
作者: 刘玮炜 主编
分册:  
出版信息: 北京   化学工业出版社  2020.9
页数: 116页
开本: 25cm
丛书名:
单 册:
中图分类: TQ460.31
科图分类:
主题词: 药物化学--有机合成--化学反应--实验--高等学校--教材 , 药物化学 , 有机合成 , 化学反应
电子资源:
ISBN: 978-7-122-14588-8
000 01063nam0 2200301 45
001 012001000590
005 20140911160018.0
010    @a978-7-122-14588-8@dCNY28.00
090    @aTQ46@blww
096    @aTQ46@blww
100    @a20120918d2012 em y0chiy50 ea
101 0  @achi
102    @aCN@b110000
105    @aa z 000yy
106    @ar
200 1  @a药物合成反应实验@Ayao wu he cheng fan ying shi yan@b专著@f刘玮炜主编
210    @a北京@c化学工业出版社@d2020.9
215    @a116页@c图@d25cm
300    @a普通高等教育“十二五”规划教材 江苏省高等学校立项精品教材
330    @a本书精心选择了具有代表性的27个药物综合合成实验以及20个常用的有机药物合成反应实验。在47个实验中,兼顾了药物合成涉及的7种主要单元反应以及近年来发展的药物合成新反应、新技术、新方法。
606 0  @a药物化学@x有机合成@x化学反应@x实验@x高等学校@j教材
606 0  @a药物化学
606 0  @a有机合成
606 0  @a化学反应
690    @aTQ460.31@v5
701  0 @a刘玮炜@c(女,@f1965~)@Aliu wei wei@4主编
801  0 @aCN@bBJSDL@c20211011
905    @b1331785-8@dTQ460.31@e129@f4
    
    药物合成反应实验/刘玮炜主编.-北京:化学工业出版社,2020.9
    116页:图;25cm
    普通高等教育“十二五”规划教材 江苏省高等学校立项精品教材
    
    ISBN 978-7-122-14588-8:CNY28.00
    本书精心选择了具有代表性的27个药物综合合成实验以及20个常用的有机药物合成反应实验。在47个实验中,兼顾了药物合成涉及的7种主要单元反应以及近年来发展的药物合成新反应、新技术、新方法。
●
相关链接 在E读中查询图书 在五车中查询图书 在当当中查询图书 在豆瓣中查询图书


正题名:药物合成反应实验     索取号:TQ460.31/129         预约/预借

序号 登录号 条形码 馆藏地/架位号 状态 备注
1 1331785   213317855   第二样本阅览室/ [索取号:TQ460.31/129] 在馆    
2 1331786   213317864   第三借阅区/ [索取号:TQ460.31/129] 在馆    
3 1331787   213317873   第三借阅区/ [索取号:TQ460.31/129] 在馆    
4 1331788   213317882   第三借阅区/ [索取号:TQ460.31/129] 在馆    
唐山师范学院图书馆 欢迎您!
大连网信软件有限公司© 版权所有